Estadísticas para Ciudades más grandes de México

Haz click aquí para tomar la prueba!

Estadísticas generales

  • Esta prueba ha sido tomada 1,136 veces
  • La puntuación promedio es 10 de 20

Estadísticas de respuestas

Población Ciudad % Correcto
8,851,080Ciudad de México
92%
1,495,189Guadalajara
87%
1,135,550Monterrey
82%
1,539,819Puebla
71%
1,559,683Tijuana
69%
789,971Acapulco
62%
1,332,131Ciudad Juarez
62%
830,732Mérida
55%
819,543Chihuahua
49%
819,561Toluca
48%
801,940Querétaro
43%
1,436,480Leon
41%
797,010Aguascalientes
32%
784,342Hermosillo
31%
936,826Mexicali
30%
858,638Culiacán
29%
1,656,107Ecatepec de Morelos
25%
1,110,565Nezahualcóyotl
19%
1,243,756Zapopan
19%
833,779Naucalpan
12%

Distribución de puntuación

Porcentaje por número respondido

Porcentaje de gente con cada puntuación

Historial de tus puntuaciones

No has tomado esta prueba